<?xml version="1.0" encoding="UTF-8"?>
<record
    xmlns:xsi="http://www.w3.org/2001/XMLSchema-instance"
    xsi:schemaLocation="http://www.loc.gov/MARC21/slim http://www.loc.gov/standards/marcxml/schema/MARC21slim.xsd"
    xmlns="http://www.loc.gov/MARC21/slim">

  <leader>00944nam a22002657a 4500</leader>
  <controlfield tag="001">975</controlfield>
  <controlfield tag="005">20250227142356.0</controlfield>
  <datafield tag="020" ind1=" " ind2=" ">
    <subfield code="a">9780439156103</subfield>
  </datafield>
  <datafield tag="040" ind1=" " ind2=" ">
    <subfield code="a">DLC</subfield>
    <subfield code="b">eng</subfield>
    <subfield code="c">ODaWU</subfield>
    <subfield code="d">OCoLC</subfield>
    <subfield code="d">KPT</subfield>
    <subfield code="d">DLC</subfield>
  </datafield>
  <datafield tag="050" ind1="0" ind2="0">
    <subfield code="a">PZ7.B879</subfield>
    <subfield code="b">Bi</subfield>
  </datafield>
  <datafield tag="082" ind1=" " ind2=" ">
    <subfield code="a">813</subfield>
  </datafield>
  <datafield tag="100" ind1="1" ind2=" ">
    <subfield code="a">Buck, Pearl S.</subfield>
    <subfield code="q">(Pearl Sydenstricker),</subfield>
    <subfield code="d">1892-1973.</subfield>
  </datafield>
  <datafield tag="245" ind1="1" ind2="4">
    <subfield code="a">The big wave /</subfield>
    <subfield code="c">Pearl S. Buck</subfield>
  </datafield>
  <datafield tag="250" ind1=" " ind2=" ">
    <subfield code="a">First Scholastic printing, November 1999. </subfield>
  </datafield>
  <datafield tag="260" ind1=" " ind2=" ">
    <subfield code="a">New York :</subfield>
    <subfield code="b">Scholastic,</subfield>
    <subfield code="c">1999. </subfield>
  </datafield>
  <datafield tag="300" ind1=" " ind2=" ">
    <subfield code="a">57 pages :</subfield>
    <subfield code="c">20 cm </subfield>
  </datafield>
  <datafield tag="505" ind1=" " ind2=" ">
    <subfield code="a">T  
</subfield>
  </datafield>
  <datafield tag="520" ind1=" " ind2=" ">
    <subfield code="a">His family and village swept away by a tidal wave, Jiya learns to live with the ever-present dangers from the sea and volcano.</subfield>
  </datafield>
  <datafield tag="521" ind1=" " ind2=" ">
    <subfield code="a">790 
</subfield>
    <subfield code="b">Lexile 
</subfield>
  </datafield>
  <datafield tag="521" ind1=" " ind2=" ">
    <subfield code="a">T </subfield>
    <subfield code="b">Raz-Plus 
</subfield>
  </datafield>
  <datafield tag="650" ind1=" " ind2=" ">
    <subfield code="a">natural disasters</subfield>
    <subfield code="v">historical fiction</subfield>
    <subfield code="x">adventure</subfield>
    <subfield code="y"> tsunami</subfield>
  </datafield>
  <datafield tag="650" ind1=" " ind2=" ">
    <subfield code="a">natural disasters</subfield>
    <subfield code="v">historical fiction</subfield>
    <subfield code="x">adventure</subfield>
    <subfield code="y"> tsunami</subfield>
  </datafield>
  <datafield tag="906" ind1=" " ind2=" ">
    <subfield code="a">7</subfield>
    <subfield code="b">cbc</subfield>
    <subfield code="c">oclcrpl</subfield>
    <subfield code="d">u</subfield>
    <subfield code="e">ncip</subfield>
    <subfield code="f">19</subfield>
    <subfield code="g">y-gencatlg</subfield>
  </datafield>
  <datafield tag="942" ind1=" " ind2=" ">
    <subfield code="2">ddc</subfield>
    <subfield code="c">BK</subfield>
    <subfield code="n">0</subfield>
  </datafield>
  <datafield tag="999" ind1=" " ind2=" ">
    <subfield code="c">975</subfield>
    <subfield code="d">975</subfield>
  </datafield>
  <datafield tag="952" ind1=" " ind2=" ">
    <subfield code="0">0</subfield>
    <subfield code="1">0</subfield>
    <subfield code="2">ddc</subfield>
    <subfield code="4">0</subfield>
    <subfield code="7">0</subfield>
    <subfield code="8">JUVF</subfield>
    <subfield code="a">001</subfield>
    <subfield code="b">001</subfield>
    <subfield code="c">ATKSF</subfield>
    <subfield code="d">2023-07-17</subfield>
    <subfield code="l">0</subfield>
    <subfield code="o">BUC 813 PZ7.B879</subfield>
    <subfield code="p">FISTK05394</subfield>
    <subfield code="r">2023-07-17 10:57:05</subfield>
    <subfield code="t">1</subfield>
    <subfield code="w">2023-07-17</subfield>
    <subfield code="y">BK</subfield>
  </datafield>
  <datafield tag="952" ind1=" " ind2=" ">
    <subfield code="0">0</subfield>
    <subfield code="1">0</subfield>
    <subfield code="2">ddc</subfield>
    <subfield code="4">0</subfield>
    <subfield code="7">0</subfield>
    <subfield code="8">JUVF</subfield>
    <subfield code="a">001</subfield>
    <subfield code="b">001</subfield>
    <subfield code="c">ATKSF</subfield>
    <subfield code="d">2024-02-06</subfield>
    <subfield code="l">0</subfield>
    <subfield code="o">BUC 813 PZ7.B879</subfield>
    <subfield code="p">FISTK00175</subfield>
    <subfield code="r">2024-02-06 15:48:47</subfield>
    <subfield code="t">2</subfield>
    <subfield code="w">2024-02-06</subfield>
    <subfield code="y">BK</subfield>
  </datafield>
  <datafield tag="952" ind1=" " ind2=" ">
    <subfield code="0">0</subfield>
    <subfield code="1">0</subfield>
    <subfield code="2">ddc</subfield>
    <subfield code="4">0</subfield>
    <subfield code="7">0</subfield>
    <subfield code="8">JUVF</subfield>
    <subfield code="a">001</subfield>
    <subfield code="b">001</subfield>
    <subfield code="c">ATKSF</subfield>
    <subfield code="d">2024-02-06</subfield>
    <subfield code="l">0</subfield>
    <subfield code="o">BUC 813 PZ7.B879</subfield>
    <subfield code="p">FISTK04846</subfield>
    <subfield code="r">2024-02-06 15:49:02</subfield>
    <subfield code="t">3</subfield>
    <subfield code="w">2024-02-06</subfield>
    <subfield code="y">BK</subfield>
  </datafield>
  <datafield tag="952" ind1=" " ind2=" ">
    <subfield code="0">0</subfield>
    <subfield code="1">0</subfield>
    <subfield code="2">ddc</subfield>
    <subfield code="4">0</subfield>
    <subfield code="7">0</subfield>
    <subfield code="8">JUVF</subfield>
    <subfield code="a">001</subfield>
    <subfield code="b">001</subfield>
    <subfield code="c">SBS</subfield>
    <subfield code="d">2025-02-27</subfield>
    <subfield code="l">1</subfield>
    <subfield code="o">BUC 813 PZ7.B879</subfield>
    <subfield code="p">2025-0707</subfield>
    <subfield code="r">2025-09-19 08:14:29</subfield>
    <subfield code="s">2025-08-19</subfield>
    <subfield code="t">4</subfield>
    <subfield code="w">2025-02-27</subfield>
    <subfield code="y">BK</subfield>
  </datafield>
</record>
